Investigaciones latinoamericanas en modelación: matemática educativa
Salvato in:
| Autori principali: | , |
|---|---|
| Natura: | Libro |
| Lingua: | spagnolo |
| Pubblicazione: |
Barcelona
Gedisa
2016
|
| Edizione: | 1a. ed |
| Serie: | Extensión Científica Ciencia para Todos
|
| Soggetti: | |
| Tags: |
Aggiungi Tag
Nessun Tag, puoi essere il primo ad aggiungerne!!
|
MARC
| LEADER | 00000cam a2200000 a 4500 | ||
|---|---|---|---|
| 001 | UCC7331 | ||
| 003 | CL-VaPUC | ||
| 008 | 190322e20160000sp |||||||||||||||||spa|d | ||
| 020 | |a 9788497849814 | ||
| 082 | 0 | 4 | |a 511.8 |b ARR |2 21 |
| 100 | 0 | |a Arrieta Vera, Jaime |e author |9 601894 | |
| 700 | 0 | |a Díaz Moreno, Leonora |e author |9 601895 | |
| 245 | 1 | 0 | |a Investigaciones latinoamericanas en modelación: matemática educativa |
| 250 | |a 1a. ed | ||
| 300 | |a 262 p | ||
| 942 | |c BK | ||
| 945 | |d 20190322 14:57:00 |a dcastane | ||
| 260 | |a Barcelona |b Gedisa |c 2016 | ||
| 650 | 0 | |a Modelos matemáticos |9 259437 | |
| 650 | 0 | |a Matemáticas |x Enseñanza |9 875527 | |
| 583 | |a last modification |c 20190322 14:57:00 |k Rodrigo Vera | ||
| 490 | 0 | |a Extensión Científica Ciencia para Todos | |
| 999 | |c 374001 |d 373999 | ||
| 952 | |0 0 |1 0 |3 erb |4 0 |6 511_800000000000000_ARR_2016 |7 0 |8 A |9 492350 |a BIBMAT |b BIBMAT |i 553805K |l 4 |m 1 |o 511.8 ARR 2016 |p 553805K |r 2025-01-07 |s 2022-04-19 |w 2019-11-24 |y BK |z Catalogado en:20190322 |k DDM | ||